| 000 | 00941cam a2200337 4500 | ||
|---|---|---|---|
| 001 | ABS66972 | ||
| 008 | 030820n2003 000 0 eng u | ||
| 035 | _a(Sirsi) u123319 | ||
| 245 | _aRegional survey: Lancashire and Cumbria | ||
| 260 | _c2003 | ||
| 490 |
_aProperty Week _v68(25) 27 June 2003, 69-82(8) |
||
| 590 | _aABS | ||
| 650 | _aLANCASHIRE | ||
| 650 | _aCUMBRIA | ||
| 650 | _aLAKE DISTRICT | ||
| 650 | _aBLACKPOOL | ||
| 650 | _aWORKINGTON | ||
| 650 | _aBARROW IN FURNESS | ||
| 650 | _aCARLISLE | ||
| 650 | _aPENRITH | ||
| 650 | _aKESWICK | ||
| 650 | _aKENDAL | ||
| 650 | _aULVERSTON | ||
| 650 | _aBLACKBURN | ||
| 650 | _aBURNLEY | ||
| 650 | _aPRESTON | ||
| 650 | _aPROPERTY-COMMERCIAL PROPERTY-OFFICE PROPERTY-OFFICE PROPERTY MARKET | ||
| 650 | _aPROPERTY-COMMERCIAL PROPERTY-RETAIL PROPERTY-RETAIL PROPERTY MARKET | ||
| 690 | _aPROPERTY-COMMERCIAL PROPERTY-COMMERCIAL PROPERTY MARKET | ||
| 942 | _n0 | ||
| 999 |
_c73255 _d73255 |
||